000 01474nam0a2200325 4500
001 RU\NLR\BIBL_A\022502897
005 20260420041855.0
010 _a978-5-91476-165-0
_9100
021 _aRU
_bКН-П-25-003639
_9КН-П-25-0350
035 _a(NLR Aleph) 022502897
090 _a13671243
_c13671243
100 _a20250326d2024 k y0rusy50 ca
101 0 _arus
102 _aRU
105 _aac||z|||000zy
181 0 _ai
_baxxe
182 0 _an
200 1 _aОпоры и залоги возрождения России
_eсборник научных статей
_fредактор-составитель: М. В. Груздева
203 _aТекст
_bвизуальный
_cнепосредственный
210 _aСанкт-Петербург
_cПушкинский Дом
_d2024
215 _a197, [2] с., [1] л. цв. портр.
_cтабл.
_d20
600 1 _aГончаров
_bИ. Ф.
_f1930 - 2021
_gИван Фёдорович
_xПедагогические взгляды
_92673772
_3RU\NLR\AUTH\6601758755
606 1 _aДуховно-нравственное воспитание
_jСборники
_92480714
_3RU\NLR\auth\661472659
686 1 _aЧ33(2Р)7-8Гончаров
686 1 _aЧ313.52я43
702 1 _4220
_aГруздева
_bМ. В.
_f1971-
_gМария Валерьевна
_9143759
_3RU\NLR\AUTH\770143795
942 _cBOOK
980 _aNB